[Event "Unterfranken-ch HA 63th"]
[Site "Schweinfurt"]
[Date "2012.04.14"]
[Round "9"]
[White "Linz, Maximilian"]
[Black "Rachor, Udo"]
[Result "1-0"]
[WhiteElo "1382"]
[BlackElo "1460"]
[PlyCount "69"]
[EventDate "2012.04.09"]
[EventType "swiss"]
[EventRounds "9"]
[EventCountry "GER"]
[SourceTitle "EXT 2015"]
[Source "ChessBase"]
[SourceDate "2014.11.20"]
[SourceVersion "1"]
[SourceVersionDate "2014.11.20"]
[SourceQuality "1"]

1. e4 e6 2. f4 d5 3. e5 Nh6 4. Nf3 Be7 5. Be2 c5 6. 0-0 Nc6 7. c3 c4 8. b3 Qb6+ 9. Kh1 cxb3 10. axb3 Ng4 11. d4 Nh6 12. Ba3 Bd7 13. c4 dxc4 14. bxc4 Nf5 15. c5 Qd8 16. Qd2 b6 17. Nc3 bxc5 18. Bxc5 Bxc5 19. dxc5 Nce7 20. Ne4 Nd5 21. Nd6+ Nxd6 22. exd6 Qc8 23. Rfc1 0-0 24. Ne5 Bc6 25. Nxc6 Qxc6 26. f5 Rfd8 27. fxe6 fxe6 28. Bg4 Re8 29. Re1 Qxc5 30. Bxe6+ Rxe6 31. Rxe6 Qc3 32. Qxc3 Nxc3 33. d7 Kf7 34. Rae1 Nd5 35. Re8 1-0

[Event "Unterfranken-ch HA 63th"]
[Site "Schweinfurt"]
[Date "2012.04.09"]
[Round "1"]
[White "Linz, Maximilian"]
[Black "Filbry, Lothar"]
[Result "1/2-1/2"]
[WhiteElo "1382"]
[BlackElo "1470"]
[PlyCount "232"]
[EventDate "2012.04.09"]
[EventType "swiss"]
[EventRounds "9"]
[EventCountry "GER"]
[SourceTitle "EXT 2015"]
[Source "ChessBase"]
[SourceDate "2014.11.20"]
[SourceVersion "1"]
[SourceVersionDate "2014.11.20"]
[SourceQuality "1"]

1. e4 c5 2. f4 d6 3. Nc3 Nc6 4. Nf3 e6 5. Bb5 Bd7 6. 0-0 Be7 7. d4 cxd4 8. Nxd4 Nf6 9. Nxc6 Bxc6 10. Bxc6+ bxc6 11. Be3 0-0 12. Rf3 Qc7 13. Qe2 Rab8 14. b3 Ng4 15. Bd2 Nf6 16. Raf1 d5 17. Rg3 d4 18. Nd1 Bc5 19. Kh1 Bb4 20. c3 dxc3 21. Nxc3 Rbd8 22. f5 Bd6 23. Re3 Bf4 24. Rxf4 Qxf4 25. h3 exf5 26. e5 Ne4 27. Nxe4 fxe4 28. Bc3 Rd1+ 29. Be1 Rfd8 30. g3 Qh6 31. Kh2 Qe6 32. Rxe4 Qd5 33. e6 fxe6 34. Rxe6 h6 35. h4 Qd3 36. Kh3 Qxe2 37. Rxe2 Rf8 38. Bf2 a5 39. Rc2 Rd5 40. Be1 Rc8 41. Rc3 Rd1 42. Re3 Rd5 43. a3 g5 44. b4 axb4 45. axb4 gxh4 46. Kxh4 Rf8 47. Re6 Rf1 48. Bc3 c5 49. bxc5 Rxc5 50. Bd2 Kf7 51. Rxh6 Rh1+ 52. Kg4 Rc4+ 53. Kf3 Ra1 54. Bf4 Ra2 55. Rh7+ Kg6 56. Rc7 Rxc7 57. Bxc7 Kf7 58. Bf4 Kf6 59. Kg4 Ra4 60. Kf3 Kf5 61. g4+ Ke6 62. Kg3 Kd5 63. g5 Ke4 64. Bd6 Kf5 65. Kg2 Kxg5 66. Kh1 Ra2 67. Bh2 Kg4 68. Bg1 Ra3 69. Bh2 Kh3 70. Bg1 Kg3 71. Bh2+ Kf2 72. Bg1+ Kf1 73. Bh2 Ra1 74. Be5 Ra5 75. Bh2 Ke2 76. Bg1 Kf3 77. Bh2 Kg4 78. Bg1 Ra1 79. Kg2 Rb1 80. Kh1 Kf3 81. Kh2 Rb8 82. Kh1 Rh8+ 83. Bh2 Kg4 84. Kg2 Rf8 85. Kh1 Kh3 86. Bg1 Kg3 87. Bh2+ Kf2 88. Bg1+ Kf1 89. Bh2 Rg8 90. Be5 Rg1+ 91. Kh2 Rg5 92. Bd6 Kf2 93. Kh1 Rh5+ 94. Bh2 Kf3 95. Kg1 Rh7 96. Kh1 Re7 97. Bg1 Kg3 98. Bc5 Rb7 99. Bd6+ Kh3 100. Bh2 Rb1+ 101. Bg1 Kg4 102. Kg2 Rb2+ 103. Kh1 Kf3 104. Bh2 Kf2 105. Bg1+ Kf1 106. Bh2 Rb1 107. Bg1 Ke2 108. Kg2 Kd3 109. Kh1 Ke4 110. Kg2 Kf4 111. Kh2 Kf3 112. Kh1 Kg4 113. Kg2 Rb2+ 114. Kh1 Kg3 115. Bd4 Rb1+ 116. Bg1 Rb7 1/2-1/2

[Event "Unterfranken-ch HA 62th"]
[Site "Gerolzhofen"]
[Date "2011.04.26"]
[Round "2"]
[White "Linz, Maximilian"]
[Black "Hirsch, Elena"]
[Result "1-0"]
[WhiteElo "1316"]
[BlackElo "989"]
[PlyCount "71"]
[EventDate "2011.04.25"]
[EventType "swiss"]
[EventRounds "9"]
[EventCountry "GER"]
[SourceTitle "EXT 2015"]
[Source "ChessBase"]
[SourceDate "2014.11.20"]
[SourceVersion "1"]
[SourceVersionDate "2014.11.20"]
[SourceQuality "1"]

1. d4 d5 2. c4 e6 3. Nc3 Nf6 4. Bg5 Be7 5. Nf3 0-0 6. Qc2 Nbd7 7. h4 c6 8. e4 Re8 9. b3 Bb4 10. e5 Qa5 11. Bd2 Ng4 12. Be2 Nf8 13. c5 b6 14. a3 Bxa3 15. Nxd5 Qxd2+ 16. Nxd2 Rb8 17. Nc7 Re7 18. Nxe6 Bxe6 19. Rxa3 Rd8 20. Nf3 Red7 21. cxb6 axb6 22. Qxc6 Bd5 23. Qxb6 Ne6 24. 0-0 Nf4 25. Bc4 g6 26. Bxd5 Nxd5 27. Qc6 Nb4 28. Qb5 Nc2 29. Ra8 Kg7 30. Rxd8 Rxd8 31. Qb6 Rf8 32. Qc5 Nce3 33. fxe3 Nxe3 34. Re1 Nf5 35. g4 Ng3 36. Kg2 1-0